[Event "zonal 1.4 (w)"]
[Site "Ostrava CZE"]
[Date "1999.05.22"]
[Round "1"]
[White "Grabics, Monika"]
[Black "Bobrowska, Monika"]
[Result "1-0"]
[WhiteElo "2310"]
[BlackElo "2440"]
[EventDate "1999.05.22"]
[PlyCount "107"]

1.e4 e6 2.d4 d5 3.Nc3 Bb4 4.e5 Qd7 5.a3 Bxc3+ 6.bxc3 b6 7.Qg4 f5 8.Qg3 Ba6
9.Bxa6 Nxa6 10.a4 O-O-O 11.Qd3 Kb7 12.Ne2 Ne7 13.Bg5 c5 14.Qb5 Rhe8 15.O-O
Qxb5 16.axb5 Nc7 17.dxc5 Nxb5 18.Rfb1 Nc7 19.Nd4 Rd7 20.Rxa7+ Kxa7 21.
cxb6+ Ka6 22.bxc7 Rxc7 23.Ra1+ Kb7 24.Nb5 Nc8 25.Nxc7 Kxc7 26.Be3 Kb7 27.
Kf1 Re7 28.Ke2 Rc7 29.Kd3 Rc4 30.Rb1+ Kc7 31.Rb4 Rc6 32.g4 Ne7 33.Ra4 Ng6 
34.Ra7+ Kb8 35.Rxg7 Nxe5+ 36.Kd2 Nf3+ 37.Ke2 Rxc3 38.Kxf3 d4 39.gxf5 exf5 
40.Rxh7 dxe3 41.fxe3 Rxc2 42.h4 Rc1 43.Kf4 Rf1+ 44.Kg5 Rf3 45.Re7 Kc8 46.
h5 Kd8 47.Re5 Kd7 48.h6 Kd6 49.Re8 Rh3 50.Kg6 Kd7 51.Re5 Kd6 52.Rxf5 Ke6 
53.Rg5 Rxe3 54.h7 1-0

[Event "zonal 1.4 (w)"]
[Site "Ostrava CZE"]
[Date "1999.05.22"]
[Round "1"]
[White "Peptan, Corina-Isabela"]
[Black "Hagarova, Zuzana"]
[Result "1/2-1/2"]
[WhiteElo "2427"]
[BlackElo "2297"]
[EventDate "1999.05.22"]
[PlyCount "165"]

1.e4 c5 2.Nf3 Nc6 3.c3 e6 4.d4 d5 5.exd5 exd5 6.Bb5 Bd6 7.dxc5 Bxc5 8.O-O 
Ne7 9.Nbd2 O-O 10.Nb3 Bd6 11.Be3 Bg4 12.h3 Bh5 13.Be2 Re8 14.Nh4 Bxe2 15.
Qxe2 Ne5 16.Rfe1 Nc4 17.Qg4 Ng6 18.Nf5 Re4 19.Bg5 Rxg4 20.Bxd8 Re4 21.Nxd6
Nxd6 22.Bg5 Nc4 23.Nc5 Rxe1+ 24.Rxe1 Nxb2 25.Nxb7 f6 26.Be3 Nc4 27.Bd4 Rb8
28.Nc5 Kf7 29.Re6 Rb6 30.Rxb6 axb6 31.Nd7 b5 32.Kf1 Ke6 33.Nc5+ Kd6 34.g3 
Kc6 35.Ne6 Nd6 36.Nxg7 f5 37.Ke2 Kd7 38.h4 Ne7 39.Nh5 Ke6 40.Nf4+ Kd7 41.
Kd3 Kc6 42.f3 Nc4 43.Ne6 Kd6 44.Ng7 f4 45.Ne8+ Kd7 46.Nf6+ Ke6 47.g4 Ng6 
48.Nxh7 Nxh4 49.Ng5+ Kd6 50.Ba7 Ne5+ 51.Ke2 Nc6 52.Bf2 Ng6 53.Nh3 Ke5 54.
Bb6 Kd6 55.Nf2 Nge5 56.Nd3 Nxd3 57.Kxd3 Ne5+ 58.Ke2 Ng6 59.Ba7 Kc6 60.Bd4 
Kd6 61.Bf6 Ke6 62.Bg5 Kd6 63.Kd2 Ke6 64.Kc2 Kd6 65.Kb3 Kc6 66.Bf6 Kc5 67.
Bd8 Ne5 68.g5 Kd6 69.a3 Ke6 70.Bf6 Ng6 71.Kb4 Kd6 72.Bd4 Kc6 73.Bf6 Kb6 
74.Bd8+ Kc6 75.Ka5 Ne5 76.Bf6 Ng6 77.Bd4 Ne7 78.Ka6 Ng6 79.Ka7 Kc7 80.Bf6 
Kc6 81.Kb8 Nh4 82.Kc8 Ng6 83.Kd8 1/2-1/2

[Event "zonal 1.4 (w)"]
[Site "Ostrava CZE"]
[Date "1999.05.22"]
[Round "1"]
[White "Velcheva, Maria"]
[Black "Madl, Ildiko"]
[Result "1-0"]
[WhiteElo "2283"]
[BlackElo "2409"]
[EventDate "1999.05.22"]
[PlyCount "89"]

1.e4 c5 2.Nf3 d6 3.d4 cxd4 4.Nxd4 Nf6 5.Nc3 Nc6 6.Be2 e5 7.Nf3 h6 8.O-O 
Be7 9.Re1 O-O 10.h3 Be6 11.Bf1 Nb8 12.b3 a6 13.a4 Qa5 14.Bb2 Nbd7 15.Nd2 
Rac8 16.Nc4 Bxc4 17.Bxc4 Nb6 18.Bf1 Rfd8 19.Qf3 Rc6 20.Red1 Rdc8 21.Rd3 
Bf8 22.g3 Nbd7 23.h4 Nc5 24.Rdd1 Ne6 25.Bc4 Rxc4 26.bxc4 Rxc4 27.Re1 Nc5 
28.Re3 Qb6 29.Bc1 Qc6 30.Re2 Ncxe4 31.Nxe4 Nxe4 32.a5 Nc3 33.Re3 e4 34.Qg4
d5 35.Ba3 Bxa3 36.Rxa3 d4 37.Re1 Rc5 38.Qf4 f5 39.Rb3 Nb5 40.g4 Nd6 41.Rb6
Qa4 42.Qxd6 Qxa5 43.Qe6+ Kh8 44.Qe8+ Kh7 45.Qg6+ 1-0

[Event "zonal 1.4 (w)"]
[Site "Ostrava CZE"]
[Date "1999.05.22"]
[Round "1"]
[White "Radziewicz, Iweta"]
[Black "Genova, Ruzhka"]
[Result "1-0"]
[WhiteElo "2384"]
[BlackElo "2238"]
[EventDate "1999.05.22"]
[PlyCount "65"]

1.Nf3 Nf6 2.c4 c5 3.Nc3 Nc6 4.e3 g6 5.d4 cxd4 6.exd4 d5 7.Bg5 Ne4 8.cxd5 
Nxc3 9.bxc3 Qxd5 10.c4 Qe4+ 11.Be3 Bg7 12.Bd3 Qg4 13.h3 Qd7 14.O-O O-O 15.
d5 Nb4 16.Rb1 Nxd3 17.Qxd3 b6 18.Bd4 Qd6 19.Bxg7 Kxg7 20.Qd4+ Qf6 21.Rfe1 
Qxd4 22.Nxd4 Kf6 23.Rb3 Ba6 24.Rf3+ Kg5 25.Rxe7 Bxc4 26.d6 Bxa2 27.d7 a5 
28.Rfe3 Rfd8 29.Re8 Be6 30.R3xe6 fxe6 31.Nxe6+ Kf6 32.Nxd8 Ra7 33.Re6+ 1-0

[Event "zonal 1.4 (w)"]
[Site "Ostrava CZE"]
[Date "1999.05.22"]
[Round "1"]
[White "Jicman, Ligia-Letitia"]
[Black "Brustman, Agnieszka"]
[Result "0-1"]
[WhiteElo "2236"]
[BlackElo "2379"]
[EventDate "1999.05.22"]
[PlyCount "74"]

1.e4 e6 2.d4 d5 3.Nd2 c5 4.exd5 exd5 5.Bb5+ Bd7 6.Qe2+ Be7 7.dxc5 Nf6 8.
Nb3 O-O 9.Be3 Re8 10.O-O-O a5 11.a4 Na6 12.Nf3 Nxc5 13.Nxc5 Bxc5 14.Nd4 
Ng4 15.Qf3 Nxe3 16.fxe3 Bxb5 17.Nxb5 Bxe3+ 18.Kb1 d4 19.Qxb7 Re7 20.Qf3 
Rc8 21.Rd3 Qb6 22.Rhd1 Qc5 23.c3 h6 24.Nxd4 Bxd4 25.Rxd4 Qb6 26.Rd6 Qb3 
27.Qf5 Rb8 28.Qc2 Qb7 29.Rd8+ Re8 30.R8d7 Qc6 31.Qf5 Qxc3 32.Qxf7+ Kh7 33.
Rb7 Qe5 34.Rdd7 Rxb7 35.Rxb7 Qe4+ 36.Ka2 Qxa4+ 37.Kb1 Re1# 0-1

[Event "zonal 1.4 (w)"]
[Site "Ostrava CZE"]
[Date "1999.05.22"]
[Round "1"]
[White "Foisor, Cristina"]
[Black "Sikorova, Olga"]
[Result "1-0"]
[WhiteElo "2370"]
[BlackElo "2216"]
[EventDate "1999.05.22"]
[PlyCount "83"]

1.Nf3 c5 2.g3 Nc6 3.Bg2 g6 4.O-O Bg7 5.d3 d6 6.c3 e5 7.a3 Nge7 8.b4 O-O 9.
Bb2 Bg4 10.h3 Bd7 11.Nbd2 h6 12.Ne4 cxb4 13.axb4 d5 14.Nc5 b6 15.Nxd7 Qxd7
16.Qb3 Kh7 17.e4 Rad8 18.Rfe1 f5 19.exd5 Nxd5 20.Rad1 Rfe8 21.b5 Na5 22.
Qa4 a6 23.c4 axb5 24.cxb5 Qd6 25.Ba3 Qd7 26.Bb2 Qd6 27.Bf1 Nc7 28.d4 e4 
29.Ne5 Ne6 30.Nf7 Qb8 31.Nxd8 Rxd8 32.Bg2 Nc7 33.Bc1 Nd5 34.Bd2 Qd6 35.
Bxa5 bxa5 36.Qxa5 Nb6 37.d5 Rc8 38.Qa6 Ra8 39.Qb7 Ra2 40.Qc6 Qd8 41.d6 Ra7
42.Re2 1-0

[Event "zonal 1.4 (w)"]
[Site "Ostrava CZE"]
[Date "1999.05.22"]
[Round "1"]
[White "Saljova, Silvie"]
[Black "Cosma, Elena-Luminita"]
[Result "1/2-1/2"]
[WhiteElo "2212"]
[BlackElo "2365"]
[EventDate "1999.05.22"]
[PlyCount "61"]

1.d4 d5 2.Nf3 c6 3.c4 e6 4.cxd5 exd5 5.Qc2 Bd6 6.Bg5 Ne7 7.Nc3 f6 8.Bd2 
Bf5 9.e4 dxe4 10.Nxe4 Bxe4 11.Qxe4 Nd7 12.Bc4 Qc7 13.O-O O-O-O 14.b4 Nb6 
15.Be6+ Kb8 16.b5 cxb5 17.Rfc1 Nc4 18.Qd3 Nc6 19.Bxc4 bxc4 20.Rxc4 Bf4 21.
Bc3 Rd5 22.g3 Bh6 23.Rb1 g6 24.Nd2 Bxd2 25.Bxd2 g5 26.Qf3 Rhd8 27.Qxf6 
R8d6 28.Qf8+ Rd8 29.Qf6 R8d6 30.Qf8+ Rd8 31.Qf6 1/2-1/2

[Event "zonal 1.4 (w)"]
[Site "Ostrava CZE"]
[Date "1999.05.22"]
[Round "1"]
[White "Voiska, Margarita"]
[Black "Jackova, Jana"]
[Result "1-0"]
[WhiteElo "2364"]
[BlackElo "2202"]
[EventDate "1999.05.22"]
[PlyCount "89"]

1.g3 d5 2.Bg2 Nf6 3.d3 e5 4.Nf3 Bd6 5.Nc3 c6 6.e4 h6 7.O-O O-O 8.Nh4 Be6 
9.Nf5 Bxf5 10.exf5 Re8 11.Ne2 Qd7 12.Bh3 c5 13.g4 Nc6 14.Ng3 e4 15.Bg2 Qc7
16.dxe4 dxe4 17.g5 hxg5 18.Bxg5 Nh7 19.Qh5 Bf4 20.Bh4 Qe5 21.Nxe4 Nd4 22.
Bg3 Nxf5 23.Rae1 Nxg3 24.Qxe5 Bxe5 25.hxg3 Bxb2 26.Rb1 Bd4 27.Rxb7 Nf6 28.
Nxf6+ Bxf6 29.Bd5 Kh7 30.Kg2 Bg5 31.Rxf7 Rad8 32.c4 Re7 33.Rxe7 Bxe7 34.
Re1 Bf6 35.Re6 Rc8 36.Ra6 Rc7 37.f4 Bd4 38.g4 Re7 39.Be6 g6 40.Kf3 Kg7 41.
Ke4 Bf2 42.Kf3 Bg1 43.Bd5 g5 44.f5 Bd4 45.Rg6+ 1-0

[Event "zonal 1.4 (w)"]
[Site "Ostrava CZE"]
[Date "1999.05.22"]
[Round "1"]
[White "Pokorna, Regina"]
[Black "Lakos, Nikoletta"]
[Result "1/2-1/2"]
[WhiteElo "2196"]
[BlackElo "2350"]
[EventDate "1999.05.22"]
[PlyCount "56"]

1.e4 c5 2.Nf3 d6 3.d4 cxd4 4.Nxd4 Nf6 5.Nc3 a6 6.Bc4 e6 7.Bb3 b5 8.O-O b4 
9.Na4 Bd7 10.c3 Nc6 11.Nxc6 Bxc6 12.f3 d5 13.exd5 Nxd5 14.c4 Nf6 15.Qxd8+ 
Rxd8 16.Be3 Nd7 17.Rfd1 Be7 18.Rd2 O-O 19.Rad1 a5 20.Bf4 Nb6 21.Nxb6 Bc5+ 
22.Kf1 Rxd2 23.Rxd2 Bxb6 24.Rd6 Bc7 25.Rxc6 Bxf4 26.g3 Bc1 27.Ra6 Bxb2 28.
Rxa5 Rc8 1/2-1/2

[Event "zonal 1.4 (w)"]
[Site "Ostrava CZE"]
[Date "1999.05.22"]
[Round "1"]
[White "Krupkova, Petra"]
[Black "Goczo, Melinda"]
[Result "1-0"]
[WhiteElo "2349"]
[BlackElo "2191"]
[EventDate "1999.05.22"]
[PlyCount "79"]

1.e4 e6 2.d4 d5 3.Nd2 dxe4 4.Nxe4 Nd7 5.Nf3 Ngf6 6.Bd3 c5 7.Nxf6+ Nxf6 8.
O-O cxd4 9.Nxd4 Bc5 10.Nf3 O-O 11.Qe2 Qc7 12.Bg5 b6 13.Ne5 Nd5 14.c4 Ne3 
15.fxe3 Qxe5 16.Bf4 Qf6 17.Bd6 Qxf1+ 18.Rxf1 Bxd6 19.Bxh7+ Kxh7 20.Qd3+ 
Kg8 21.Qxd6 Bb7 22.Rd1 Rac8 23.Qe7 Ba8 24.b3 a6 25.Qa7 b5 26.Qxa6 bxc4 27.
bxc4 Be4 28.Rd4 Ra8 29.Qd6 Bb7 30.Qc7 Ba6 31.c5 Bb5 32.Rb4 Ba4 33.Rb7 Rac8
34.Qf4 Bc2 35.Qc4 Bg6 36.c6 Rfd8 37.c7 Rd1+ 38.Kf2 Rd2+ 39.Ke1 Rc2 40.Qxc2
1-0

[Event "zonal 1.4 (w)"]
[Site "Ostrava CZE"]
[Date "1999.05.22"]
[Round "1"]
[White "Ciganikova, Andrea"]
[Black "Vajda, Szidonia"]
[Result "0-1"]
[WhiteElo "2139"]
[BlackElo "2340"]
[EventDate "1999.05.22"]
[PlyCount "74"]

1.e4 e5 2.Nf3 Nc6 3.d4 exd4 4.Nxd4 Nf6 5.Nxc6 bxc6 6.e5 Qe7 7.Qe2 Nd5 8.c4
Nb6 9.b3 a5 10.Bb2 a4 11.Qc2 Qg5 12.g3 Bb4+ 13.Nd2 Ra5 14.f4 Qe7 15.Bg2 
axb3 16.axb3 Rxa1+ 17.Bxa1 Qc5 18.Kd1 d5 19.cxd5 Bg4+ 20.Kc1 cxd5 21.Qxc5 
Bxc5 22.Bc3 Kd7 23.Kb2 Rb8 24.Kc2 Bf5+ 25.Kd1 Ra8 26.Ke2 Ra2 27.Ra1 Rc2 
28.Ba5 d4 29.Bf3 d3+ 30.Kd1 Be3 31.Rc1 Ra2 32.Bc3 Be6 33.Be4 Bxd2 34.Bxd2 
Bxb3+ 35.Ke1 Bc2 36.Kf2 Nc4 37.Ke1 Bb3 0-1

[Event "zonal 1.4 (w)"]
[Site "Ostrava CZE"]
[Date "1999.05.22"]
[Round "1"]
[White "Zielinska, Marta"]
[Black "Dojkova, Galina"]
[Result "1-0"]
[WhiteElo "2327"]
[BlackElo "2131"]
[EventDate "1999.05.22"]
[PlyCount "99"]

1.c4 c5 2.Nf3 Nf6 3.Nc3 Nc6 4.d4 cxd4 5.Nxd4 g6 6.e4 d6 7.Be2 Bg7 8.Be3 
O-O 9.O-O Bd7 10.Nc2 a6 11.f3 Rb8 12.Qd2 Ne5 13.Na3 Bc6 14.Rab1 b6 15.Rfc1
Qd7 16.b4 b5 17.cxb5 axb5 18.Nc2 d5 19.Nd4 Nc4 20.Bxc4 dxc4 21.a4 bxa4 22.
b5 Ba8 23.Nxa4 e5 24.Ne2 Qxd2 25.Bxd2 Rfc8 26.Be3 Nd7 27.Rd1 Rd8 28.Nec3 
Bf8 29.Rb2 Be7 30.Rbd2 Nf6 31.Rxd8+ Rxd8 32.Rxd8+ Bxd8 33.Nb2 Kf8 34.Nxc4 
Nd7 35.b6 Ke7 36.Nd5+ Ke6 37.Nc7+ Bxc7 38.bxc7 Bb7 39.Bc1 f5 40.Ba3 Ba6 
41.Kf2 fxe4 42.fxe4 Nf6 43.Nb6 Nxe4+ 44.Ke1 Nd6 45.Bxd6 Kxd6 46.c8=Q Bxc8 
47.Nxc8+ Kc7 48.Ne7 Kd6 49.Ng8 Ke6 50.Nh6 1-0

[Event "zonal 1.4 (w)"]
[Site "Ostrava CZE"]
[Date "1999.05.22"]
[Round "1"]
[White "Cedikova, Katerina"]
[Black "Dworakowska, Joanna"]
[Result "0-1"]
[WhiteElo "2082"]
[BlackElo "2323"]
[EventDate "1999.05.22"]
[PlyCount "147"]

1.d4 Nf6 2.c4 g6 3.Nc3 Bg7 4.e4 d6 5.f3 O-O 6.Be3 a6 7.Qd2 Nbd7 8.Nh3 c5 
9.Nf2 cxd4 10.Bxd4 Ne5 11.Be2 Be6 12.b3 Nc6 13.Be3 Qa5 14.Rc1 Nd7 15.O-O 
Rfc8 16.Nd3 f5 17.exf5 Qxf5 18.Nf4 Bf7 19.Bd3 Qa5 20.Be4 Nc5 21.Bb1 b5 22.
Nfd5 Ra7 23.Rfe1 bxc4 24.bxc4 Rb7 25.Kh1 Rcb8 26.Bxc5 Qxc5 27.Ne4 Qd4 28.
Qxd4 Bxd4 29.Ng5 Be8 30.Ne6 Bb2 31.Rcd1 Ne5 32.Nec7 Ba4 33.Nxa6 Bxd1 34.
Nxb8 Ba4 35.Na6 Kf7 36.Nab4 Ba3 37.Nd3 Nxc4 38.h4 Nd2 39.Nc3 Bd7 40.Rd1 
Nc4 41.Nf4 Rb2 42.Nd3 Rb8 43.Re1 e6 44.Bc2 Na5 45.Ne4 Rc8 46.Bb1 Ke7 47.
Ng5 h6 48.Nh3 Kf6 49.Ndf4 Bb4 50.Rd1 Ba4 51.Rf1 Bb5 52.Rd1 Ba4 53.Rf1 Be8 
54.Nf2 Bf7 55.Ng4+ Kg7 56.Nd3 Ba3 57.Kh2 Nc6 58.Re1 Nd4 59.Re4 Rc4 60.Nf4 
d5 61.Ne5 Ra4 62.Re1 Bd6 63.Kh3 Nxf3 64.Nh5+ gxh5 65.gxf3 Bxe5 66.Rxe5 Rb4
67.Bc2 Kf6 68.Re1 Rb2 69.Bb1 e5 70.Kg3 Ke6 71.Rc1 Kd6 72.a4 Rb3 73.Ba2 Ra3
74.Bb1 0-1

[Event "zonal 1.4 (w)"]
[Site "Ostrava CZE"]
[Date "1999.05.23"]
[Round "2"]
[White "Lakos, Nikoletta"]
[Black "Peptan, Corina-Isabela"]
[Result "0-1"]
[WhiteElo "2350"]
[BlackElo "2427"]
[EventDate "1999.05.22"]
[PlyCount "142"]

1.e4 c5 2.Nf3 Nc6 3.d4 cxd4 4.Nxd4 Nf6 5.Nc3 d6 6.Bg5 e6 7.Qd2 a6 8.O-O-O 
Be7 9.f4 Qc7 10.Bxf6 gxf6 11.Be2 h5 12.Bf3 Nxd4 13.Qxd4 Bd7 14.Rhe1 O-O-O 
15.Re3 Kb8 16.Qd2 Qa5 17.Kb1 Rc8 18.Rd3 Rc7 19.Ne2 Qxd2 20.R3xd2 Rc4 21.b3
Rc5 22.Nd4 h4 23.Bg4 b5 24.a3 Bc8 25.f5 e5 26.Ne2 Bb7 27.Bf3 Rhc8 28.Nc1 
a5 29.Nd3 Rc3 30.Kb2 Bf8 31.Re2 Ba6 32.b4 a4 33.Bh5 R3c7 34.Ne1 Bb7 35.Bf3
Rc4 36.g3 hxg3 37.hxg3 Kc7 38.Ng2 Kd7 39.g4 Bh6 40.Ne1 Bg5 41.Nd3 Ke7 42.
Nf2 Be3 43.g5 Bd4+ 44.Rxd4 Rxd4 45.c3 Rdc4 46.gxf6+ Kxf6 47.Re3 d5 48.exd5
Kxf5 49.Be4+ Rxe4 50.Nxe4 Kf4 51.Re1 Bxd5 52.Nd6 Rh8 53.Rf1+ Bf3 54.Nxb5 
Rh2+ 55.Kc1 f5 56.c4 Ke3 57.Re1+ Re2 58.Rxe2+ Bxe2 59.Nd6 f4 60.b5 f3 61.
Nf5+ Kf4 62.Kd2 Bxc4 63.b6 Kxf5 64.b7 f2 65.b8=Q f1=Q 66.Qc8+ Ke4 67.Qc6+ 
Bd5 68.Qg6+ Qf5 69.Qg2+ Kd4 70.Qg1+ Kc4 71.Qc1+ Kb5 0-1

[Event "zonal 1.4 (w)"]
[Site "Ostrava CZE"]
[Date "1999.05.23"]
[Round "2"]
[White "Vajda, Szidonia"]
[Black "Radziewicz, Iweta"]
[Result "1-0"]
[WhiteElo "2340"]
[BlackElo "2384"]
[EventDate "1999.05.22"]
[PlyCount "93"]

1.e4 Nf6 2.e5 Nd5 3.d4 d6 4.c4 Nb6 5.exd6 exd6 6.Nc3 Be7 7.h3 O-O 8.Nf3 
Bf6 9.Be2 Re8 10.O-O c6 11.Be3 d5 12.c5 Nc4 13.Bc1 b6 14.b3 Na5 15.Na4 Nd7
16.cxb6 axb6 17.Be3 Nb7 18.Qc2 b5 19.Nb2 Nb8 20.Bd3 h6 21.Bf4 Bd7 22.a4 
Na6 23.Qd2 Nc7 24.Be5 Bxe5 25.Nxe5 f6 26.Nf3 Nd6 27.Bg6 Re7 28.Rfe1 Be8 
29.Rxe7 Qxe7 30.Re1 Ne4 31.Bxe4 dxe4 32.Qc2 Qa3 33.Nh4 Bf7 34.Qxc6 Qxb2 
35.Qxc7 bxa4 36.bxa4 Qb4 37.Re3 Rxa4 38.Nf5 Qa5 39.Qc8+ Kh7 40.Rg3 g5 41.
Rc3 Kg6 42.Nd6 Rxd4 43.Nxf7 Kxf7 44.Rc7+ Kg6 45.g4 Qxc7 46.Qxc7 h5 47.
gxh5+ 1-0

[Event "zonal 1.4 (w)"]
[Site "Ostrava CZE"]
[Date "1999.05.23"]
[Round "2"]
[White "Brustman, Agnieszka"]
[Black "Zielinska, Marta"]
[Result "0-1"]
[WhiteElo "2379"]
[BlackElo "2327"]
[EventDate "1999.05.22"]
[PlyCount "92"]

1.e4 e6 2.d4 d5 3.Nc3 Bb4 4.e5 c5 5.a3 Bxc3+ 6.bxc3 Nc6 7.Qg4 g6 8.Nf3 Qa5
9.Bd2 Qa4 10.Ra2 Bd7 11.Qf4 h6 12.h4 c4 13.Be2 Rh7 14.Nh2 O-O-O 15.O-O Rf8
16.Ng4 Qa5 17.a4 Qd8 18.Nf6 g5 19.Qf3 Nxf6 20.exf6 gxh4 21.Qf4 h3 22.g3 
Rg8 23.Rb1 Rg6 24.Qd6 Rxf6 25.Rab2 b6 26.a5 Nxa5 27.Bf4 Nc6 28.Be5 Rg6 29.
Ra2 Be8 30.Qa3 f6 31.Bf4 Qe7 32.Bd6 Qb7 33.Bf4 h5 34.Rab2 h4 35.Kh2 hxg3+ 
36.Bxg3 Rh8 37.Qd6 Qe7 38.Qf4 Kb7 39.Ra2 e5 40.Qf3 exd4 41.Rba1 a5 42.Rb1 
dxc3 43.Qxd5 Rxg3 44.Bxc4 Rg5 45.Qf3 Qe5+ 46.Kh1 Rg2 0-1

[Event "zonal 1.4 (w)"]
[Site "Ostrava CZE"]
[Date "1999.05.23"]
[Round "2"]
[White "Dworakowska, Joanna"]
[Black "Foisor, Cristina"]
[Result "1/2-1/2"]
[WhiteElo "2323"]
[BlackElo "2370"]
[EventDate "1999.05.22"]
[PlyCount "80"]

1.e4 e5 2.Nf3 Nc6 3.Bb5 a6 4.Ba4 Nf6 5.d4 exd4 6.O-O Be7 7.Re1 b5 8.Bb3 d6
9.Bd5 Bd7 10.Nxd4 Nxd5 11.Nxc6 Bxc6 12.exd5 Bd7 13.Qe2 Kf8 14.Nc3 h5 15.a4
b4 16.Ne4 a5 17.Be3 h4 18.Qc4 h3 19.g3 Rc8 20.c3 c5 21.f4 Bg4 22.Rac1 Qd7 
23.cxb4 axb4 24.b3 Bf3 25.Bd2 Rd8 26.Re3 Bxe4 27.Rxe4 Bf6 28.Rce1 g6 29.
Kf2 Rh5 30.Be3 Qg4 31.Qd3 Kg7 32.Rd1 Rhh8 33.Qe2 Qf5 34.Kf3 Rde8 35.Bf2 
Qd7 36.Re1 Rxe4 37.Qxe4 Qb7 38.g4 Qd7 39.Re2 Rc8 40.Qc4 Rh8 1/2-1/2

[Event "zonal 1.4 (w)"]
[Site "Ostrava CZE"]
[Date "1999.05.23"]
[Round "2"]
[White "Grabics, Monika"]
[Black "Voiska, Margarita"]
[Result "1/2-1/2"]
[WhiteElo "2310"]
[BlackElo "2364"]
[EventDate "1999.05.22"]
[PlyCount "53"]

1.e4 e6 2.d4 d5 3.Nc3 Nf6 4.e5 Nfd7 5.f4 c5 6.Nf3 Nc6 7.Be3 a6 8.Qd2 cxd4 
9.Nxd4 Bc5 10.h4 Bxd4 11.Bxd4 b5 12.O-O-O b4 13.Ne2 Qa5 14.Kb1 Nc5 15.Bxc5
Qxc5 16.Nd4 Nxd4 17.Qxd4 Qxd4 18.Rxd4 a5 19.Rh3 O-O 20.Be2 Ba6 21.Bxa6 
Rxa6 22.a3 Rb8 23.axb4 axb4 24.Rb3 Rab6 25.Kc1 h5 26.Kd2 Kh7 27.Kd3 
1/2-1/2

[Event "zonal 1.4 (w)"]
[Site "Ostrava CZE"]
[Date "1999.05.23"]
[Round "2"]
[White "Bobrowska, Monika"]
[Black "Jackova, Jana"]
[Result "1-0"]
[WhiteElo "2440"]
[BlackElo "2202"]
[EventDate "1999.05.22"]
[PlyCount "87"]

1.d4 d5 2.c4 dxc4 3.e3 e6 4.Bxc4 Nf6 5.Qe2 c5 6.dxc5 Bxc5 7.Nf3 O-O 8.O-O 
Qc7 9.e4 Nc6 10.e5 Ng4 11.Bf4 f6 12.Nbd2 Ngxe5 13.Nxe5 Nxe5 14.Rac1 Qb6 
15.Bxe5 fxe5 16.Bd3 Bd7 17.Nc4 Qd8 18.Nxe5 Bd6 19.Bxh7+ Kxh7 20.Qd3+ Rf5 
21.Qxd6 Bb5 22.Qxe6 Qf6 23.Qxf6 gxf6 24.Nc4 Rf4 25.b3 Bxc4 26.Rxc4 Rxc4 
27.bxc4 Rc8 28.Rc1 Rc5 29.Rb1 b6 30.Rb4 Kg6 31.g3 Rc7 32.Kg2 Kf5 33.a4 Kg6
34.a5 bxa5 35.Rb5 Rxc4 36.Rxa5 Rc7 37.h4 Kh6 38.g4 Kg6 39.Kg3 Rb7 40.f3 
Kh6 41.Kf4 Kg6 42.Ra6 Kg7 43.Kg3 Kf7 44.g5 1-0

[Event "zonal 1.4 (w)"]
[Site "Ostrava CZE"]
[Date "1999.05.23"]
[Round "2"]
[White "Velcheva, Maria"]
[Black "Krupkova, Petra"]
[Result "1-0"]
[WhiteElo "2283"]
[BlackElo "2349"]
[EventDate "1999.05.22"]
[PlyCount "103"]

1.e4 c5 2.Nf3 d6 3.d4 cxd4 4.Nxd4 Nf6 5.Nc3 a6 6.a4 Nc6 7.Be2 g6 8.Be3 Bg7
9.O-O O-O 10.f4 Rb8 11.Bf3 Na5 12.b3 e6 13.Qd2 Qc7 14.Rad1 b6 15.Nde2 Rd8 
16.e5 Ne8 17.Ne4 d5 18.Nf2 Bb7 19.Nd4 Nc6 20.c3 Nxd4 21.Bxd4 b5 22.axb5 
axb5 23.Nd3 Ra8 24.Ra1 Rxa1 25.Rxa1 Ra8 26.Rxa8 Bxa8 27.Qa2 Bc6 28.Qa6 Qb7
29.Nc5 Qxa6 30.Nxa6 Bb7 31.Nc5 Bc6 32.Na6 Bb7 33.Nb8 Nc7 34.Bb6 Na6 35.
Nxa6 Bxa6 36.Kf2 g5 37.g3 gxf4 38.gxf4 f6 39.Bd4 fxe5 40.Bxe5 Bxe5 41.fxe5
Kf7 42.Ke3 Kg6 43.Bg4 Bc8 44.h4 b4 45.cxb4 Kf7 46.Kd4 Ke7 47.Kc5 Kd7 48.
Kb6 h6 49.b5 Kd8 50.Ka7 Kc7 51.b6+ Kc6 52.Bxe6 1-0

[Event "zonal 1.4 (w)"]
[Site "Ostrava CZE"]
[Date "1999.05.23"]
[Round "2"]
[White "Madl, Ildiko"]
[Black "Goczo, Melinda"]
[Result "1-0"]
[WhiteElo "2409"]
[BlackElo "2191"]
[EventDate "1999.05.22"]
[PlyCount "87"]

1.e4 e6 2.d4 d5 3.Nc3 Nf6 4.Bg5 Bb4 5.e5 h6 6.Bd2 Bxc3 7.bxc3 Ne4 8.Qg4 
Kf8 9.Bd3 Nxd2 10.Kxd2 c5 11.Nf3 c4 12.Be2 Nc6 13.a4 Bd7 14.h4 Rb8 15.h5 
a6 16.Qf4 b5 17.axb5 axb5 18.Rhb1 Qe7 19.Qe3 Kg8 20.g4 Kh7 21.g5 Rhc8 22.
gxh6 gxh6 23.Nh2 Rg8 24.Ng4 Rxg4 25.Bxg4 b4 26.cxb4 c3+ 27.Kxc3 Rxb4 28.
Be2 Rxb1 29.Bd3+ Kg7 30.Rxb1 Qa3+ 31.Kd2 Qa5+ 32.c3 Be8 33.Rg1+ Kf8 34.
Qxh6+ Ke7 35.Qf6+ Kd7 36.Qf4 Qa2+ 37.Ke3 Qb2 38.h6 Qxc3 39.Rb1 Nb4 40.Rxb4
Qxb4 41.Ke2 f5 42.exf6 Bh5+ 43.Kf1 Qb3 44.Qg3 1-0

[Event "zonal 1.4 (w)"]
[Site "Ostrava CZE"]
[Date "1999.05.23"]
[Round "2"]
[White "Cosma, Elena-Luminita"]
[Black "Pokorna, Regina"]
[Result "1-0"]
[WhiteElo "2365"]
[BlackElo "2196"]
[EventDate "1999.05.22"]
[PlyCount "57"]

1.d4 Nf6 2.Nf3 e6 3.g3 d5 4.Bg2 Be7 5.O-O O-O 6.c4 c5 7.cxd5 exd5 8.Nc3 
Nc6 9.Bg5 cxd4 10.Nxd4 h6 11.Be3 Re8 12.Rc1 Bf8 13.Nxc6 bxc6 14.Na4 Bg4 
15.Rxc6 Qd7 16.Rc1 Bxe2 17.Qxe2 Qxa4 18.b3 Qa5 19.Qc2 Bd6 20.Rfd1 Rad8 21.
Qd2 Qa6 22.Qd3 Qa5 23.Rc6 d4 24.Bd2 Qh5 25.Bf3 Ng4 26.Bxg4 Qxg4 27.Ba5 Rd7
28.Qxd4 Qf5 29.Bc3 1-0

[Event "zonal 1.4 (w)"]
[Site "Ostrava CZE"]
[Date "1999.05.23"]
[Round "2"]
[White "Hagarova, Zuzana"]
[Black "Saljova, Silvie"]
[Result "1-0"]
[WhiteElo "2297"]
[BlackElo "2212"]
[EventDate "1999.05.22"]
[PlyCount "49"]

1.e4 c5 2.Nf3 d6 3.d4 cxd4 4.Nxd4 Nf6 5.Nc3 a6 6.Bg5 e6 7.f4 Nbd7 8.Qf3 
Qc7 9.O-O-O b5 10.Bd3 Bb7 11.Rhe1 Be7 12.a3 Rc8 13.Qg3 Qb6 14.e5 Qxd4 15.
exf6 gxf6 16.f5 Rxc3 17.fxe6 Nc5 18.bxc3 Nxd3+ 19.Rxd3 Qc5 20.exf7+ Kxf7 
21.Bh6 Bf8 22.Bxf8 Qxa3+ 23.Kb1 Rxf8 24.Rde3 d5 25.Qc7+ 1-0

[Event "zonal 1.4 (w)"]
[Site "Ostrava CZE"]
[Date "1999.05.23"]
[Round "2"]
[White "Genova, Ruzhka"]
[Black "Ciganikova, Andrea"]
[Result "1-0"]
[WhiteElo "2238"]
[BlackElo "2139"]
[EventDate "1999.05.22"]
[PlyCount "97"]

1.d4 Nf6 2.c4 c5 3.d5 b5 4.cxb5 a6 5.f3 axb5 6.e4 Qa5+ 7.Bd2 b4 8.Na3 d6 
9.Nc4 Qc7 10.a3 e6 11.dxe6 Bxe6 12.Bf4 Bxc4 13.Bxc4 Be7 14.axb4 Rxa1 15.
Qxa1 O-O 16.b5 Qb7 17.Qa2 Nbd7 18.Ne2 Nh5 19.Bc1 Ne5 20.O-O Nxc4 21.Qxc4 
Rb8 22.Nc3 Bf6 23.Rd1 Bd4+ 24.Kh1 Qd7 25.Ne2 Be5 26.f4 Bf6 27.g4 Bd4 28.
Qc2 Nf6 29.Nxd4 cxd4 30.Rxd4 Nxg4 31.Rc4 h5 32.h3 Nf6 33.b6 Qb7 34.Be3 d5 
35.Rc7 Qa6 36.e5 Ne4 37.Kg2 h4 38.Bd4 Ng3 39.Qf2 Nf5 40.Bc5 Qd3 41.Qf3 
Qc2+ 42.Bf2 Qxb2 43.Qd3 g6 44.Qc2 Qb5 45.e6 fxe6 46.Rc8+ Rxc8 47.Qxc8+ Kh7
48.b7 Qe2 49.Qc7+ 1-0

[Event "zonal 1.4 (w)"]
[Site "Ostrava CZE"]
[Date "1999.05.23"]
[Round "2"]
[White "Dojkova, Galina"]
[Black "Jicman, Ligia-Letitia"]
[Result "0-1"]
[WhiteElo "2131"]
[BlackElo "2236"]
[EventDate "1999.05.22"]
[PlyCount "94"]

1.e4 c5 2.Nf3 Nc6 3.d4 cxd4 4.Nxd4 g6 5.c4 Bg7 6.Be3 Nf6 7.Nc3 O-O 8.Be2 
b6 9.O-O Bb7 10.f3 Qb8 11.Qd2 Rd8 12.Ndb5 d6 13.Nd5 Rd7 14.Rfd1 Qf8 15.
Rac1 Rad8 16.b3 e6 17.Nxf6+ Bxf6 18.f4 Qe7 19.Bf3 e5 20.Bg4 exf4 21.Bxf4 
g5 22.Bxd7 Rxd7 23.Bg3 Qxe4 24.Nc3 Qg6 25.Nd5 Bg7 26.Rf1 h5 27.Qc2 Nd4 28.
Qxg6 fxg6 29.Rce1 Nf5 30.Bf2 g4 31.Re2 h4 32.Re4 g3 33.Be1 Bxd5 34.cxd5 
Be5 35.h3 Rc7 36.Rc4 Bd4+ 37.Kh1 Re7 38.Rc8+ Kg7 39.Bc3 Re2 40.a4 Kh6 41.
Bxd4 Nxd4 42.Rd8 Nf5 43.Rd7 Rd2 44.Rxa7 Ne3 45.Rg1 Nxd5 46.Rd7 Nf4 47.Rb7 
Nxh3 0-1

[Event "zonal 1.4 (w)"]
[Site "Ostrava CZE"]
[Date "1999.05.23"]
[Round "2"]
[White "Sikorova, Olga"]
[Black "Cedikova, Katerina"]
[Result "1/2-1/2"]
[WhiteElo "2216"]
[BlackElo "2082"]
[EventDate "1999.05.22"]
[PlyCount "75"]

1.e4 c5 2.Nf3 Nc6 3.b3 d6 4.Bb2 Nf6 5.Qe2 Bg4 6.h3 Bh5 7.g4 Bg6 8.d3 e5 9.
c4 h5 10.g5 Nh7 11.Rg1 Be7 12.h4 Nf8 13.Bh3 Ne6 14.Qd2 Nf4 15.Rg3 f6 16.
Bf1 f5 17.Nc3 O-O 18.O-O-O Nd4 19.Ng1 a6 20.f3 b5 21.Nce2 Nfxe2+ 22.Nxe2 
f4 23.Rh3 Nxe2+ 24.Qxe2 Bf7 25.Rh2 Be6 26.Bh3 Bxh3 27.Rxh3 g6 28.Rh2 Qb6 
29.Qf1 Qc6 30.Rc2 b4 31.Qh3 Qc8 32.Qxc8 Rfxc8 33.a3 a5 34.Kd2 Rc7 35.Ra1 
Rca7 36.Bc1 Bd8 37.Rca2 Bb6 38.axb4 1/2-1/2

[Event "zonal 1.4 (w)"]
[Site "Ostrava CZE"]
[Date "1999.05.24"]
[Round "3"]
[White "Peptan, Corina-Isabela"]
[Black "Velcheva, Maria"]
[Result "1-0"]
[WhiteElo "2427"]
[BlackElo "2283"]
[EventDate "1999.05.22"]
[PlyCount "55"]

1.e4 c5 2.Nf3 Nc6 3.c3 Nf6 4.e5 Nd5 5.d4 cxd4 6.cxd4 d6 7.Bc4 e6 8.O-O Be7
9.Qe2 O-O 10.Nc3 Nxc3 11.bxc3 d5 12.Bd3 Bd7 13.Qc2 g6 14.Bh6 Re8 15.Qd2 
Qc7 16.h4 Rec8 17.h5 Na5 18.Rac1 Be8 19.Nh2 Nc4 20.Bxc4 Qxc4 21.Ng4 Bb5 
22.Qf4 Qd3 23.Nf6+ Kh8 24.Nxd5 exd5 25.Qxf7 Bf8 26.Bg5 Rc6 27.e6 Bg7 28.h6
1-0